[Event "AUTO-OPEN-389"]
[Site "http://www.queenalice.com/game.php?id=106548"]
[Date "2006.9.16"]
[Round "1"]
[White "magnov"]
[Black "ferrierd"]
[Result "0-1"]
[WhiteElo "1332"]
[BlackElo "1500"]

1. d4 Nf6 2. f4 g6 3. e3 d5 4. c4 c6 5. Nc3 Bg7 6. Nf3 Nbd7 7. b3 e6 8. Ba3 Qa5
9. Qc1 Ne4 10. b4 Qc7 11. cxd5 Ndf6 12. Bd3 exd5 13. b5 Qa5 14. Ke2 Nxc3+ 15.
Kd2 Nxa2+ 16. Kc2 Qc3+ 17. Kd1 Nxc1 18. Rxc1 Qxd3+ 19. Ke1 Ne4 20. Rd1 Qxe3+ 21.
Kf1 Qf2# 0-1

[Event "AUTO-OPEN-389"]
[Site "http://www.queenalice.com/game.php?id=106549"]
[Date "2006.9.16"]
[Round "1"]
[White "ferrierd"]
[Black "magnov"]
[Result "1-0"]
[WhiteElo "1773"]
[BlackElo "1332"]

1. d4 d5 2. Nf3 f6 3. Bf4 g5 4. Bg3 e5 5. dxe5 g4 6. Nd4 fxe5 7. Bxe5 Nf6 8. Nc3
c5 9. Ndb5 Nc6 10. Nc7+ Kd7 11. Bxf6 Qxc7 12. Qxd5+ Qd6 13. Qxd6+ Bxd6 14. Bxh8
Nd4 15. O-O-O Rb8 16. Bxd4 cxd4 17. Rxd4 b6 18. Nb5 Kc6 19. Nxd6 Kc5 20. e3 Be6
21. b4+ Kc6 22. g3 Bxa2 23. Bb5+ Kc7 24. Ne8+ Kc8 25. Rhd1 Be6 26. Ba6+ Rb7 27.
Nd6+ 1-0

[Event "AUTO-INT-172"]
[Site "http://www.queenalice.com/game.php?id=106794"]
[Date "2006.9.16"]
[Round "1"]
[White "otax"]
[Black "magnov"]
[Result "1-0"]
[WhiteElo "1683"]
[BlackElo "1310"]

1. d4 d5 2. c4 dxc4 3. Nf3 f6 4. Nc3 b6 5. e3 c5 6. Bxc4 e5 7. dxe5 Ne7 8. Qxd8+
Kxd8 9. exf6 gxf6 10. Nd5 Bb7 11. Nxf6 a6 12. Be2 b5 13. Ne5 Bg7 14. Nf7+ Kc8
15. Nxh8 Bxf6 16. Nf7 Kd7 17. O-O Bd5 18. Nh6 Nbc6 19. Rd1 Rd8 20. e4 Kc7 21.
exd5 Rxd5 22. Bf4+ Kb6 23. Rxd5 Nxd5 24. Bg3 Bxb2 25. Rb1 Bd4 26. Bd3 Ncb4 27.
Bxh7 Nc3 28. Re1 Nd3 29. Bxd3 c4 30. Bf5 a5 31. Re6+ Kc5 32. Bd6+ Kd5 33. Ng4
Nd1 34. Nf6+ Kc6 35. Bb4+ Kc7 36. Bxa5+ Kb7 37. Be1 c3 38. Ne4 c2 39. Bd2 b4 40.
Bc1 Nc3 41. Nxc3 Bxc3 42. Bxc2 1-0

[Event "AUTO-INT-172"]
[Site "http://www.queenalice.com/game.php?id=106795"]
[Date "2006.9.16"]
[Round "1"]
[White "magnov"]
[Black "otax"]
[Result "0-1"]
[WhiteElo "1314"]
[BlackElo "1671"]

1. d4 d5 2. e3 c6 3. c4 e6 4. b3 Nf6 5. f4 Ne4 6. Nf3 c5 7. Bd3 cxd4 8. exd4 Nf6
9. cxd5 Nxd5 10. Ba3 Qa5+ 11. Nbd2 Qxa3 12. Ne5 Qb4 13. Qh5 Qe7 14. f5 Nf4 15.
Qf3 Nxd3+ 16. Qxd3 exf5 17. Rc1 Bd7 18. d5 Qxe5+ 19. Kf2 Bc5+ 20. Rxc5 O-O 21.
Re1 Qd6 22. Qd4 Nc6 23. Qc4 Ne5 24. Qd4 Rfe8 25. Nf3 Nd3+ 26. Kf1 Nxe1 27. Nxe1
Qxh2 28. Nf3 Qh6 29. d6 Rac8 30. Ne5 Rxc5 31. Qxc5 Rc8 32. Qxa7 Qxd6 33. Qxb7
Be6 34. b4 Qxe5 35. a4 Qa1+ 36. Kf2 Qxa4 37. b5 Qd4+ 38. Kf3 Bd5+ 0-1

[Event "AUTO-INT-172"]
[Site "http://www.queenalice.com/game.php?id=106812"]
[Date "2006.9.16"]
[Round "1"]
[White "magnov"]
[Black "renato"]
[Result "1-0"]
[WhiteElo "1311"]
[BlackElo "1506"]

1. d4 e6 2. e4 g6 3. f4 b6 4. Nf3 Bb7 5. Bd3 Bg7 6. c3 Nh6 7. Nbd2 Ng4 8. b3 Ne3
9. Qe2 Ng4 10. h3 Nh6 11. e5 O-O 12. O-O Nf5 13. Bxf5 exf5 14. g4 fxg4 15. hxg4
Bxf3 16. Qxf3 c6 17. Nc4 Na6 18. f5 b5 19. Nd6 g5 20. f6 Bxf6 21. exf6 h6 22.
Kg2 Nc7 23. Bd2 Qxf6 24. Nf5 Nd5 25. Rae1 Rfe8 26. c4 bxc4 27. bxc4 Nf4+ 28.
Bxf4 gxf4 29. Re2 Rxe2+ 30. Qxe2 h5 31. Rxf4 Kf8 32. gxh5 Qg5+ 33. Qg4 Qxg4+ 34.
Rxg4 f6 35. h6 Kf7 36. h7 Rh8 37. Rg7+ Ke6 38. Ne7 f5 39. Ng6 Kf6 40. Rxd7 Kxg6
41. Rxa7 Rxh7 42. Rxh7 Kxh7 43. a4 Kg7 44. Kf3 Kf6 45. Kf4 Ke6 46. a5 Kd6 47.
Kxf5 c5 48. Ke4 cxd4 49. Kxd4 Kc6 50. Kc3 Kc5 51. Kb3 1-0

[Event "AUTO-INT-172"]
[Site "http://www.queenalice.com/game.php?id=106813"]
[Date "2006.9.16"]
[Round "1"]
[White "renato"]
[Black "magnov"]
[Result "1-0"]
[WhiteElo "1767"]
[BlackElo "1312"]

1. e3 d5 2. Bb5+ c6 3. Bd3 f5 4. b3 g6 5. Nf3 Nf6 6. Bb2 Nbd7 7. Bxf6 exf6 8.
Nd4 Bc5 9. Ne6 Qb6 10. Nc3 d4 11. Na4 Qa5 12. Qe2 Nb6 13. Nc7+ Kd8 14. Nxa8 Nxa8
15. Nxc5 Qxc5 16. a4 Nb6 17. a5 Nd5 18. Bc4 Nb4 19. Bd3 Re8 20. O-O g5 21. c3
dxc3 22. dxc3 Qxc3 23. Qd1 Nxd3 24. Rc1 Qb2 25. Qxd3+ Kc7 26. Rb1 Qa3 27. Ra1
Be6 28. Rxa3 b5 29. axb6+ axb6 30. Ra7+ Kb8 31. Qa6 Rd8 32. Qb7# 1-0

[Event "AUTO-INT-172"]
[Site "http://www.queenalice.com/game.php?id=106814"]
[Date "2006.9.16"]
[Round "1"]
[White "magnov"]
[Black "jcbraga"]
[Result "0-1"]
[WhiteElo "1306"]
[BlackElo "1822"]

1. d4 d5 2. e3 Nc6 3. c4 e6 4. cxd5 exd5 5. Nc3 Nf6 6. e4 dxe4 7. f3 exf3 8.
Nxf3 Bb4 9. a3 Ba5 10. Bf4 O-O 11. Bc4 Bg4 12. h3 Bxc3+ 13. bxc3 Ne4 14. d5 Re8
15. O-O Ne5 16. Bxe5 Bxf3 17. Qxf3 Rxe5 18. Qxf7+ Kh8 19. Rf4 Ng3 20. Rg4 Rg5
21. Kf2 Rf5+ 22. Rf4 Rxf7 23. Rxf7 Ne4+ 24. Kg1 Nd2 25. Bd3 Qxd5 26. Rd1 Qxf7
27. Rxd2 Rd8 28. g4 Qf4 29. Kg2 Qxd2+ 0-1

[Event "AUTO-INT-172"]
[Site "http://www.queenalice.com/game.php?id=106815"]
[Date "2006.9.16"]
[Round "1"]
[White "jcbraga"]
[Black "magnov"]
[Result "1-0"]
[WhiteElo "1786"]
[BlackElo "1308"]

1. e4 e5 2. Nf3 d6 3. Bc4 f5 4. d3 fxe4 5. dxe4 Nf6 6. Ng5 Qe7 7. Bf7+ Kd8 8.
Bb3 c5 9. Nf7+ Kc7 10. Nxh8 Nxe4 11. Nf7 Be6 12. Nxe5 dxe5 13. Bxe6 Qxe6 14. O-O
Nc6 15. Re1 Rd8 16. Qe2 c4 17. Qxe4 Bb4 18. c3 Ba5 19. Bg5 Rf8 20. Nd2 Bb6 21.
Be3 Qf5 22. Bxb6+ axb6 23. Qxf5 Rxf5 24. Nxc4 e4 25. Rxe4 b5 26. Ne3 Rf6 27.
Nd5+ Kd6 28. Nxf6 1-0

[Event "Challenge"]
[Site "http://www.queenalice.com/game.php?id=107100"]
[Date "2006.9.17"]
[Round "-"]
[White "magnov"]
[Black "Rijo"]
[Result "0-1"]
[WhiteElo "1326"]
[BlackElo "1362"]

1. d4 d5 2. e3 Bf5 3. Bd3 e6 4. f3 b6 5. e4 Bg6 6. Nc3 c5 7. dxc5 bxc5 8. Bb5+
Nd7 9. Bxd7+ Qxd7 10. Nge2 d4 11. Nb1 f5 12. e5 Rb8 13. c3 Qd5 14. cxd4 cxd4 15.
Qxd4 Qa5+ 16. Bd2 Qc5 17. b4 Qb6 18. Na3 Bxb4 19. Bxb4 Qxb4+ 20. Qxb4 Rxb4 21.
Kd2 Ne7 22. Rab1 Nc6 23. Kc2 f4+ 24. Kc3 Rxb1 25. Rxb1 O-O 26. Rb7 Rc8 27. Nc4
Na5 28. Re7 Rxc4+ 29. Kd2 Rc2+ 30. Ke1 Kf8 31. Rxe6 Nc4 32. Nxf4 Nb2 33. h4 Bd3
34. h5 g5 35. Rf6+ Ke8 36. Ne6 Be2 37. Nxg5 Nd3# 0-1

[Event "Challenge"]
[Site "http://www.queenalice.com/game.php?id=133594"]
[Date "2006.11.25"]
[Round "-"]
[White "Gohan"]
[Black "magnov"]
[Result "1-0"]
[WhiteElo "1458"]
[BlackElo "1294"]

1. e4 e5 2. d4 Bd6 3. Nf3 exd4 4. Nxd4 Nf6 5. Bd3 Nc6 6. Bb5 Nxd4 7. Qxd4 O-O 8.
e5 c5 9. Qxd6 a6 10. Bd3 b5 11. O-O Ng4 12. Qxc5 Re8 13. Qd5 Bb7 14. Qxb7 Rxe5
15. Bf4 Rc5 16. Re1 Rh5 17. h3 g5 18. Bc7 Qf8 19. Qe4 Nf6 20. Qe5 Re8 21. Qxf6
Rxe1+ 22. Kh2 g4 23. Bd6 Qh6 24. Qd8+ Kg7 25. Bf8+ Kg8 26. Bxh6+ 1-0

[Event "Challenge"]
[Site "http://www.queenalice.com/game.php?id=135091"]
[Date "2006.11.30"]
[Round "-"]
[White "magnov"]
[Black "hugo10"]
[Result "0-1"]
[WhiteElo "1347"]
[BlackElo "1419"]

1. d4 e6 2. c4 c5 3. dxc5 Bxc5 4. Nc3 Qf6 5. Nf3 e5 6. Nd5 Qf5 7. e3 Na6 8. Bd3
Qg4 9. Nxe5 Qxg2 10. Ke2 f6 11. Be4 Qxe4 0-1

[Event "Challenge"]
[Site "http://www.queenalice.com/game.php?id=137975"]
[Date "2006.12.6"]
[Round "-"]
[White "magnov"]
[Black "Delikz"]
[Result "0-1"]
[WhiteElo "1321"]
[BlackElo "1395"]

1. d4 Nc6 2. Nc3 d6 3. Nf3 Nf6 4. Bf4 Nh5 5. e3 e5 6. dxe5 dxe5 7. Nxe5 Qxd1+ 8.
Kxd1 Bd6 9. Bc4 Bxe5 10. Bxe5 Nxe5 11. Bd5 Ng4 12. Rf1 Nxh2 13. Rh1 Nf6 14. Rxh2
Ng4 15. Rh5 Nxf2+ 16. Ke2 Ng4 0-1

[Event "Challenge"]
[Site "http://www.queenalice.com/game.php?id=144236"]
[Date "2006.12.20"]
[Round "-"]
[White "farofa38"]
[Black "magnov"]
[Result "1-0"]
[WhiteElo "1386"]
[BlackElo "1321"]

1. e4 e5 2. Nh3 Bc5 3. d3 Nf6 4. Bg5 O-O 5. f4 Ng4 6. Bxd8 Rxd8 7. Qxg4 d6 8.
Qh4 f6 9. g4 Nc6 10. g5 Nb4 11. Kd1 Bxh3 12. Bxh3 h6 13. gxf6 Bd4 14. c3 Bxc3
15. bxc3 Nxd3 16. Qg3 Nxf4 17. Qxg7# 1-0

[Event "Challenge"]
[Site "http://www.queenalice.com/game.php?id=161529"]
[Date "2007.1.31"]
[Round "-"]
[White "magnov"]
[Black "hugo10"]
[Result "0-1"]
[WhiteElo "1304"]
[BlackElo "1445"]

1. d4 e6 2. Bf4 c5 3. dxc5 Bxc5 4. Nc3 Nf6 5. Bxb8 Rxb8 6. f3 d5 7. Qd2 a6 8.
Rd1 Bb4 9. a3 Bxc3 10. Qxc3 d4 11. Rxd4 Nd5 12. Qc5 Bd7 13. e4 Ne3 14. Bd3 Rc8
15. Qa7 Qa5+ 16. c3 e5 17. Rd6 Nxg2+ 18. Kf2 Nf4 19. Ke3 O-O 20. Rxd7 h5 21.
Qxb7 g6 0-1

[Event "Bora lá!! :)"]
[Site "http://www.queenalice.com/game.php?id=165441"]
[Date "2007.2.8"]
[Round "-"]
[White "magnov"]
[Black "Rijo"]
[Result "1-0"]
[WhiteElo "1277"]
[BlackElo "1405"]

1. d4 e6 2. Nh3 Nc6 3. Bg5 f6 4. Bf4 e5 5. dxe5 fxe5 6. Bg5 Be7 7. Nc3 Bxg5 8.
Nxg5 Qxg5 9. Ne4 Qf5 10. f3 d5 11. g4 Qf4 12. Nc5 Na5 13. Qxd5 Ne7 14. Qd3 Qb4+
15. Qc3 Nd5 16. a3 Qxc3+ 17. bxc3 Nxc3 18. e3 O-O 19. Bd3 Rxf3 20. Kd2 Nd5 21.
Be2 Rxe3 22. Bd3 Bxg4 23. c4 b5 24. cxd5 Nc4+ 25. Bxc4 Re4 26. Rhf1 bxc4 27.
Nxe4 Rd8 28. Kc3 Be2 29. Nf6+ Kf7 30. Rf2 Bd3 31. Ng4+ Kg6 32. Nxe5+ Kg5 33.
Rg1+ Kh6 34. Nf7+ Kh5 35. Nxd8 g5 36. h3 h6 37. Ne6 g4 38. Rxg4 Be4 39. Kxc4 Bf5
40. Rxf5# 1-0

[Event "PORTUGAL"]
[Site "http://www.queenalice.com/game.php?id=174737"]
[Date "2007.2.27"]
[Round "1"]
[White "magnov"]
[Black "Delikz"]
[Result "0-1"]
[WhiteElo "1285"]
[BlackElo "1483"]

1. d4 e6 2. c4 Qe7 3. Nc3 Nf6 4. g4 Nxg4 5. f3 Nf6 6. Bh3 Qb4 7. Qd3 b6 8. a3
Qd6 9. Bg5 Nh5 10. c5 bxc5 11. dxc5 Qxc5 12. O-O-O Qxg5+ 13. e3 Bc5 14. Re1 Qh4
15. Kd1 Nc6 16. f4 Rb8 17. b4 Be7 18. e4 Nxf4 19. Nf3 Qxh3 20. Nb5 Nxd3 21. Reg1
Qxf3+ 22. Kc2 Rxb5 23. Rxg7 Qxh1 24. Kxd3 Qxh2 25. Kc4 Qe2+ 26. Kc3 Bf6+ 0-1

[Event "Ode a Scolari"]
[Site "http://www.queenalice.com/game.php?id=212789"]
[Date "2007.5.18"]
[Round "-"]
[White "magnov"]
[Black "Didiodpc"]
[Result "0-1"]
[WhiteElo "1298"]
[BlackElo "1480"]

1. e4 e5 2. Nf3 Nf6 3. d3 Be7 4. Nxe5 O-O 5. c4 d6 6. Ng4 Bxg4 7. f3 Be6 8. Bf4
Nc6 9. Nc3 Nh5 10. g3 Nd4 11. b4 Nxf4 12. gxf4 c5 13. bxc5 Qa5 14. a4 Qxc3+ 15.
Qd2 Qxa1+ 0-1